000
00295nam a2200121Ia 4500
008
220120s9999||||xx |||||||||||||| ||und||
082
_a
823 URE
100
_a
Ure, Jean
245
0
_a
Bad alice
260
_a
Hodder
_b
New Delhi
_c
2003
300
_a
512p.;28cm
_b
0
650
_a
WIRELESS COMMUNICATION
999
_c
137431
_d
137431